Annuaire statistique rétrospectif du Cambodge / (Record no. 18638)

000 -LEADER
fixed length control field 00429cas a2200145 a 4500
040 ## - CATALOGING SOURCE
Transcribing agency MUL
082 0# - DEWEY DECIMAL CLASSIFICATION NUMBER
Classification number 315 MIN 1958 C149 Or.
245 00 - TITLE STATEMENT
Title Annuaire statistique rétrospectif du Cambodge /
260 ## - PUBLICATION, DISTRIBUTION, ETC. (IMPRINT)
Place of publication Phnom-Penh :
Name of publisher Minister of Planning,
Year of publication 1958-
300 ## - PHYSICAL DESCRIPTION
Number of Pages volumes ;
Dimensions 21 x 28 cm
500 ## - GENERAL NOTE
General note Volumes for <1963/1964-> have also parallel title in Cambodian.
710 1# - ADDED ENTRY--CORPORATE NAME
Corporate name or jurisdiction name as entry element Cambodia.
710 1# - ADDED ENTRY--CORPORATE NAME
Corporate name or jurisdiction name as entry element Cambodia.
942 ## - ADDED ENTRY ELEMENTS (KOHA)
Koha item type ADB
952 ## - LOCATION AND ITEM INFORMATION (KOHA)
Withdrawn status [LOCAL, KOHA] 0
Holdings
Source of acquisition Permanent Location Date acquired Koha item type Lost status Shelving location Current Location Full call number
A39632Library Block C2019-12-30សៀវភៅភាសាអង់គ្លេស C149Library Block C315 MIN 1958 C149 Or.
មជ្ឈមណ្ឌលឯការនៃសាកលវិទ្យាល័យភូមិន្ទកសិកម្មចំការដូង

Powered by Koha